Nomi, cose e città: pesci in Italia - Statistics

Statistiche generali
  • Questo quiz è stato fatto 117 volte
  • Il punteggio medio è 10 su 18
Statistiche sulle risposte
Hint Risposta % Corretto
S Sacchetto|Sagrì|Salmerino|Salmone|Salpa|Sandra|Sanguinerola|Sarago|Sardina|Sauro|Savetta|Scardafa|Scardola|Scaro|Scazzone|Sciarrano|Scombro|Scorfano|Scorfanotto|Scorpenopode|Sei branchie|Sergente maggiore|Seriolina|Serpente di mare|Sgombro|Simboloforo|Smeriglio|Sogliola|Sparaglione|Spatola|Spigola|Spinarello|Spinarolo|Spratto|Squadro|Squadrolino|Squalo|Squatina|Storione|Striscia|Suacia|Subietto|Succiascoglio|Sugarello|Suro
94%
A Abramide|Acciuga|Acerina|Acquadella|Addotto|Agone|Aguglia|Ala filosa|Alaccia|Alalonga|Alalunga|Alborella|Alfonsino|Alice|Alletterato|Alosa|Alosauro|Altavela|Amur|Angelo di mare|Anguilla|Aquila di mare|Argentina|Ascia d'argento|Aspio
89%
T Tanuta|Temolo|Testa nuda|Tetragonuro|Tinca|Tirsite|Tombarello|Tonnetto|Tonno|Tordo|Torpedine|Trachino|Tracina|Triglia|Trigone|Triotto|Trota
88%
C Cagnaccio|Cagnesca|Cagnetta|Calinura|Canario|Canesca|Cantaro|Capitone|Capo piatto|Capolepre|Capone|Cappellano|Cappone|Carango|Carassio|Carcarodonte|Carpa|Carpione|Castagnola|Cauliodo|Cavalluccio marino|Cavedano|Caviglione|Cebacek|Ceca|Cefalo|Celorinco|Centroforo|Centrolofo|Centroscimmo|Cepola|Cernia|Cetorino|Cheppia|Chimera|Cicerello|Cieca|Cino|Cino pontico|Cobite|Coda brillante|Coda di rospo|Coda lucente|Colombo di mare|Coregone|Corifena|Corvina|Costardella
86%
O Occhialone|Occhiata|Occhio lucente|Occhione|Occhiverdi|Ombrina|Opah|Orata|Ossirina
77%
P Pagello|Pagro|Palamita|Palombo|Panzarolo|Papalina|Paraliparide|Passera|Pastinaca|Peperoncino|Perchia|Persico|Pescatrice|Pesce accetta|Pesce ago|Pesce angelo|Pesce ascia|Pesce balestra|Pesce bandiera|Pesce beccarino|Pesce burro|Pesce capone|Pesce cardinale|Pesce castagna|Pesce chitarra|Pesce civetta|Pesce damigella|Pesce falce|Pesce fico|Pesce foglia|Pesce forca|Pesce imperatore|Pesce lampadina|Pesce lanterna|Pesce liocorno|Pesce lucertola|Pesce luna|Pesce martello|Pesce nastro|Pesce palla|Pesce pappagallo|Pesce persico|Pesce pettine|Pesce pilota|Pesce pony|Pesce porcellino|Pesce porco|Pesce re|Pesce remo|Pesce rondine|Pesce rospo|Pesce rosso|Pesce San Pietro|Pesce sciabola|Pesce sega|Pesce sergente maggiore|Pesce serpe|Pesce serpente|Pesce serra|Pesce settembrino|Pesce sole|Pesce sorcio|Pesce spada|Pesce specchio|Pesce tamburo|Pesce timone|Pesce topino|Pesce topo|Pesce trombetta|Pesce vacca|Pesce vela|Pesce violino|Pesce vipera|Pesce volante|Pezzogna|Pigo|Pinna nera|Pizzuto|Potassolo|Pseudorasbora
72%
M Maccarello|Mahi-Mahi|Mako|Mangiameduse|Manta|Marlin|Maurolico|Melù|Mennola|Menola|Merlano|Merluzzetto|Merluzzo|Microittio|Microstoma|Miro|Missina|Molo|Molva|Monacanto|Mora|Moranec|Moretto|Moro|Mostella|Motella|Muggine|Murena|Musdea|Muso lucente|Muso rognoso|Musolungo
71%
D Dentice|Diavolo di mare|Donzella|Dorado|Dotto|Drago di mare|Dragoncello|Dragonetto
66%
L Lacerto|Lampreda|Lampuga|Lanzardo|Lasca|Latterino|Lavarello|Leccia|Leucisco|Lingua di cane|Lingualunga|Linguattola|Lobote|Lotregano|Luccio|Lucerna|Lucioperca|Luvaro
64%
N Nansenia|Nasello|Naso|Nono|Notacanto|Notidano
62%
R Rana pescatrice|Razza|Re di aringhe|Re di triglie|Remora|Ricciola|Rinottera|Rodeo|Rombo|Ronco|Rondine di mare|Rondinella|Rondone|Rospo|Rossetto|Rovella|Rovello|Rutilo|Ruvetto
59%
B Balbo|Barbo|Barracudina|Batofilo|Bavosa|Bavosella|Beccaccino|Becco d'anatra|Berice|Bianchetto|Biscia di mare|Biso|Blicca|Bocca d'oro|Bocca spinosa|Boccalone|Boccanera|Boccatonda|Boga|Botolo|Bottatrice|Branzino|Breme|Brotola|Brotula|Brotulide|Budego|Busbana
57%
G Gadella|Gadorinco|Galiotto|Galletto|Gallinella|Gambusia|Gardon|Garizzo|Gattopardo|Gattuccio|Ghiozzetto|Ghiozzo|Girella|Gobbetto|Gobbo|Gobione|Grongo|Grugnitore
33%
V Vaccarella|Vairone|Valencienello|Verdesca|Vinciguerria|Vipera di mare|Vitello di mare|Volpina
26%
F Facciola|Facciolella|Fiatola|Fierasfer|Fieto|Fragolino
8%
I Ippocampo|Ittiococco
8%
Z Zanchetta|Zerro|Zigrino
2%
E Elettrona|Eretmoforo|Evermannella
0%
Nessun quiz corrispondente trovato
Distribuzione punteggi
Percentuale di utenti per punteggio
Percentile per numero di risposta
I tuoi punteggi nel tempo
Non hai fatto questo quiz